<?xml version="1.0" encoding="UTF-8"?>
<record
    xmlns:xsi="http://www.w3.org/2001/XMLSchema-instance"
    xsi:schemaLocation="http://www.loc.gov/MARC21/slim http://www.loc.gov/standards/marcxml/schema/MARC21slim.xsd"
    xmlns="http://www.loc.gov/MARC21/slim">

  <leader>02457nam a22002417a 4500</leader>
  <controlfield tag="005">20220224123241.0</controlfield>
  <controlfield tag="008">220224b           ||||| |||| 00| 0 eng d</controlfield>
  <datafield tag="020" ind1=" " ind2=" ">
    <subfield code="a">8121942543</subfield>
  </datafield>
  <datafield tag="040" ind1=" " ind2=" ">
    <subfield code="c">AL</subfield>
  </datafield>
  <datafield tag="041" ind1=" " ind2=" ">
    <subfield code="a">English</subfield>
  </datafield>
  <datafield tag="082" ind1=" " ind2=" ">
    <subfield code="2">23</subfield>
    <subfield code="a">546</subfield>
    <subfield code="b">PRAA</subfield>
  </datafield>
  <datafield tag="100" ind1=" " ind2=" ">
    <subfield code="a">Satya Prakash</subfield>
    <subfield code="9">21798</subfield>
  </datafield>
  <datafield tag="245" ind1=" " ind2=" ">
    <subfield code="a">Advanced Chemistry of Rare Elements</subfield>
  </datafield>
  <datafield tag="260" ind1=" " ind2=" ">
    <subfield code="a">New Delhi</subfield>
    <subfield code="b">S.Chand and Company PVT.LTD.</subfield>
    <subfield code="c">2013</subfield>
  </datafield>
  <datafield tag="300" ind1=" " ind2=" ">
    <subfield code="a">710 p.</subfield>
    <subfield code="b">PB</subfield>
    <subfield code="c">24x17 cm.</subfield>
  </datafield>
  <datafield tag="365" ind1=" " ind2=" ">
    <subfield code="a">MLSH21CRB336</subfield>
    <subfield code="b">&#x20B9;520.00</subfield>
    <subfield code="c">&#x20B9;</subfield>
    <subfield code="d">&#x20B9;650.00</subfield>
    <subfield code="e">20%</subfield>
    <subfield code="f">20-02-2022</subfield>
  </datafield>
  <datafield tag="520" ind1=" " ind2=" ">
    <subfield code="a">CONTENTS -

PART I. ATOMS, MOLECULES AND CHEMICAL BONDING -
I. Atom: Wave Nature and Configuration -
II. Electron Clouds, Covalent and Ionic Radii -
III. Molecular Orbitals -
IV. Valence Bond Theory of Chemical Bonding -
V. Hybridization -
VI. Chemical Bonding and its Molecular Orbital Theory -
VII. Coupling of Angular Momenta and Magnetic Moments -
VIII. Transitional Elements -
IX. Complexes, Ligands and Molecular Orbital Field Theory -

PART II. NON-TRANSITIONAL ELEMENTS -
X. Inert Gases of the Zero Group -

Rare Elements of the Alkali Group -
XI. Lithium -
XII. Rubidium, Caesium and Francium -

Rare Elements of the Alkaline Earth Group -
XIII. Beryllium -
XIV. Radium and Radon -

Rare Elements of Boron-Aluminium Group -
XV. Gallium -
XVI. Indium -
XVII. Thallium -

Rare Elements of Carbon Group -
XVIII. Germanium -

Rare Elements of Oxygen-Sulphur Group -
XIX. Selenium -
XX. Tellurium and Polonium -
XXI. Element 85, Alabamine or Astatine of Halogen Group -

PART III. TRANSITIONAL ELEMENTS -
XXII. Scandium -
XXIII. Lathanide Series or Rare Earths -

Rare Elements of the Titanium Sub-Group -
XXIV. Titanium -
XXV. Zirconium -
XXVI. Hafnium -
XXVII. Thorium -

Rare Elements of the Vanadium Sub-Group -
XXVIII. Vanadium -
XXIX. Columbium or Niobium -
XXX. Tantalum -

Rare Elements of the Chromium Sub-Group -
XXXI. Molybdenum -
XXXII. Tungsten or Wolfram -
XXXIII. Uranium -

Rare Elements of the Manganese Sub-Group -
XXXIV. Rhenium and Technetium -

Platinum Metals -
XXXV. Ruthenium -
XXXVI. Rhodium -
XXXVII. Palladium -
XXX VIII. Osmium -
XXXIX. Iridium -
XL. Platinum -
XLI. Actinium and Protoactinium -
XLII. Trans-Uranium Elements - Rare Earth Homologues in the Actinide Series</subfield>
  </datafield>
  <datafield tag="650" ind1=" " ind2=" ">
    <subfield code="a">Chemistry</subfield>
    <subfield code="9">21799</subfield>
  </datafield>
  <datafield tag="650" ind1=" " ind2=" ">
    <subfield code="a">Organic</subfield>
    <subfield code="9">21800</subfield>
  </datafield>
  <datafield tag="650" ind1=" " ind2=" ">
    <subfield code="a">Materials Science</subfield>
    <subfield code="9">21801</subfield>
  </datafield>
  <datafield tag="700" ind1=" " ind2=" ">
    <subfield code="a">PRAKASH (Satya)</subfield>
    <subfield code="9">21802</subfield>
  </datafield>
  <datafield tag="942" ind1=" " ind2=" ">
    <subfield code="2">ddc</subfield>
    <subfield code="c">BK</subfield>
  </datafield>
  <datafield tag="999" ind1=" " ind2=" ">
    <subfield code="c">221589</subfield>
    <subfield code="d">221589</subfield>
  </datafield>
  <datafield tag="952" ind1=" " ind2=" ">
    <subfield code="0">0</subfield>
    <subfield code="1">0</subfield>
    <subfield code="2">ddc</subfield>
    <subfield code="4">0</subfield>
    <subfield code="7">0</subfield>
    <subfield code="8">CHE</subfield>
    <subfield code="a">AL</subfield>
    <subfield code="b">AL</subfield>
    <subfield code="d">2022-02-23</subfield>
    <subfield code="e">Sapna Book House (P) Ltd.</subfield>
    <subfield code="g">520.00</subfield>
    <subfield code="l">0</subfield>
    <subfield code="o">546 PRAA</subfield>
    <subfield code="p">075488</subfield>
    <subfield code="r">2022-02-24 00:00:00</subfield>
    <subfield code="v">650.00</subfield>
    <subfield code="w">2022-02-24</subfield>
    <subfield code="y">BK</subfield>
  </datafield>
</record>
